Homenaje a los reyes fundadores de América
Uloženo v:
| Médium: | Kniha |
|---|---|
| Jazyk: | španělština |
| Vydáno: |
Madrid, España
Cultura Hispánica
1953
|
| Témata: | |
| Tagy: |
Přidat tag
Žádné tagy, Buďte první, kdo vytvoří štítek k tomuto záznamu!
|
MARC
| LEADER | 00000nam a2200000 a 4500 | ||
|---|---|---|---|
| 001 | UCO2821 | ||
| 003 | CL-VaPUC | ||
| 005 | 20231026161811.0 | ||
| 008 | 000608e19530000SP |||||||||||||||||spa|d | ||
| 999 | |c 289316 |d 289314 | ||
| 040 | |c Pontificia Universidad Católica de Valparaíso | ||
| 082 | 0 | 4 | |a 946.03 HOM 1953 |2 21 |
| 245 | 1 | 0 | |a Homenaje a los reyes fundadores de América |
| 260 | |a Madrid, España |b Cultura Hispánica |c 1953 | ||
| 300 | |a 166 páginas | ||
| 583 | |a last modification |c 20000608 00:00:00 |k Rodrigo Vera | ||
| 650 | 0 | |a Historia de España |9 315435 | |
| 650 | 7 | |a MONARQUIA ESPAÑOLA |2 CL-VaPUC |9 420971 | |
| 650 | 7 | |a REYES CATOLICOS |2 CL-VaPUC |9 420971 |z ESPAÑA | |
| 650 | 0 | |a Homenajes |z ESPAÑA |9 258192 | |
| 852 | |a BIBCUR | ||
| 942 | |c BK |2 ddc | ||
| 945 | |d 20000608 00:00:00 |a rherrera | ||
| 952 | |0 0 |1 0 |2 ddc |4 0 |6 946_030000000000000_HOM_1953 |7 0 |8 A |9 337601 |a BIBHIS |b BIBHIS |d 2019-11-20 |i 1287834 |o 946.03 HOM 1953 |p 1287834 |r 2025-01-20 |t 1 |w 2019-11-20 |y BK |k HIS | ||
| 952 | |0 0 |1 0 |2 ddc |4 0 |6 946_030000000000000_HOM_1953 |7 0 |8 A |9 337602 |a BIBHIS |b BIBHIS |d 2019-11-20 |i 1287842 |o 946.03 HOM 1953 |p 1287842 |r 2025-01-20 |t 2 |w 2019-11-20 |y BK |k HIS | ||
| 952 | |0 0 |1 0 |2 ddc |4 0 |6 946_030000000000000_HOM_1953 |7 0 |8 A |9 337603 |a BIBHIS |b BIBHIS |d 2019-11-20 |i 1201964 |o 946.03 HOM 1953 |p 1201964 |r 2025-01-20 |t 3 |w 2019-11-20 |y BK |k HIS | ||